[Event "45th Olympiad Budapest 2024"]
[Site "Budapest"]
[Date "2024.09.19"]
[Round "8"]
[Board "1"]
[White "Celis, Joel"]
[Black "Bhakta, Bahadur Monger"]
[Result "1-0"]
[WhiteElo "1929"]
[BlackElo "1911"]
[PlyCount "83"]
[EventDate "2024.09.11"]
[EventType "team-tourn"]
[EventRounds "11"]
[EventCountry "HUN"]
[WhiteTeam "Macau, China"]
[BlackTeam "Bhutan"]
[BlackTeamCountry "BTN"]

1. e4 c5 2. Nf3 Nc6 3. d4 cxd4 4. Nxd4 Nf6 5. Nc3 e5 6. Ndb5 d6 7. Bg5 a6 8. Na3 b5 9. Nd5 Be7 10. Bxf6 Bxf6 11. c3 Bg5 12. Nc2 Be6 13. a4 b4 $146 ({RR} 13... bxa4 14. Rxa4 a5 15. Bb5 Rc8 16. Qa1 O-O 17. Bxc6 Rxc6 18. Rxa5 Bxd5 19. exd5 Rb6 20. Nb4 Qc7 21. O-O Rfb8 22. Nc6 Rf8 23. Ra8 g6 24. Qa3 Qb7 25. Rxf8+ Kxf8 26. Qxd6+ Kg7 27. b4 Bf6 28. c4 {1-0 Bjeloglav,M (2037)-Stojanovic,M (2179) Vojvodina-chT (Women) 2006 (1)}) ({RR} 13... Rb8 14. axb5 axb5 15. Ncb4 Nxb4 16. Nxb4 Qd7 17. Be2 O-O 18. O-O Kh8 19. Bf3 f5 20. exf5 Bxf5 21. Ra6 Rf6 22. Bc6 Qf7 23. Bd5 Qg6 24. Nc6 Re8 25. Ra7 Rff8 26. Nb4 e4 27. Qe2 e3 28. f4 {0-1 Jakubowski,K (2459)-Nazaretyan,T (2316) Sveshnikov Memorial op blitz 2021 (8)}) ({RR} 13... bxa4 14. Rxa4 a5 15. Bb5 Bd7 16. O-O O-O 17. Ra2 Ne7 18. Bxd7 Nxd5 19. Bc6 Nf4 20. Bxa8 Qxa8 21. Re1 f5 22. Qxd6 fxe4 23. Ne3 Nd3 24. Re2 Nc1 25. b4 Nxa2 26. Rxa2 Bxe3 27. fxe3 a4 28. b5 {1-0 Postnikov,A (2207)-Cramling Bellon,A (2045) Titled Tue 16th Jul Early 2024 (1)}) ({RR} 13... bxa4 14. Rxa4 O-O 15. Bxa6 Ne7 16. Ncb4 Bxd5 17. Nxd5 Nxd5 18. Qxd5 Qb6 19. Qa2 Rfb8 20. Rb4 Qc6 21. Rxb8+ Rxb8 22. Bd3 Qb7 23. O-O Qxb2 24. Rb1 {1-0 Pioch,Z-Weider,D POL-ch36 Tarnow 1979 (2)}) ({RR} 13... Na5 14. Ncb4 O-O 15. axb5 axb5 16. Bxb5 f5 17. exf5 Bxf5 18. O-O Bh4 19. Ra4 Qg5 20. g3 Bh3 21. Na6 Bxf1 22. Bxf1 Qf5 23. Rxh4 Qxf2+ 24. Kh1 Qxf1+ 25. Qxf1 Rxf1+ 26. Kg2 Rf7 27. Nab4 Nb3 28. Re4 {0-1 Perez Sempere,A (1845)-Luque Ibanez,M (1994) Madrid San Viator op 23rd 2014 (1)}) 14. Ncxb4 Nxb4 15. Nxb4 O-O 16. Bxa6 Rxa6 17. Nxa6 Qa8 18. Qe2 Rc8 19. Nb4 f5 20. Nd5 Bd8 21. f3 Qa7 22. Qc2 Ba5 23. O-O-O fxe4 24. fxe4 h6 25. Rhf1 Kh8 26. Rd3 Qd7 27. Rdf3 Re8 28. h3 Bd8 29. b4 Kh7 30. Kb2 Rg8 31. Ka3 g6 32. Nf6+ Bxf6 33. Rxf6 Rg7 34. Qd3 Bg8 35. Rxd6 Qa7 36. Rd1 Bf7 37. Qd2 Be8 38. a5 Qb7 39. Qd5 Qc7 40. Qc5 Qf7 41. Qxe5 Qc7 42. Re6 1-0

[Event "45th Olympiad Budapest 2024"]
[Site "Budapest"]
[Date "2024.09.19"]
[Round "8"]
[Board "2"]
[White "Mahendra, Gurung"]
[Black "Mak, Tong Kuan"]
[Result "0-1"]
[WhiteElo "1725"]
[BlackElo "1902"]
[PlyCount "100"]
[EventDate "2024.09.11"]
[EventType "team-tourn"]
[EventRounds "11"]
[EventCountry "HUN"]
[WhiteTeam "Bhutan"]
[BlackTeam "Macau, China"]
[WhiteTeamCountry "BTN"]

1. e4 c6 2. Nf3 d5 3. exd5 cxd5 4. d4 Nc6 5. Bb5 Qa5+ 6. Nc3 Bg4 7. O-O ({RR} 7. Bd2 Qd8 8. Ne5 Bd7 9. Bxc6 Bxc6 10. Qf3 Nf6 11. g4 h6 12. h4 e6 13. O-O-O Bd6 14. Bf4 Qc7 15. Bh2 O-O-O 16. Nxc6 Qxc6 17. Bxd6 Qxd6 18. g5 hxg5 19. hxg5 Rxh1 20. Rxh1 Ne4 21. Qxf7 Nxc3 {½-½ Shankland,S (2722)-Tomczak,J (2614) Olympiad-43 Batumi 2018 (9.4)}) ({RR} 7. h3 Bxf3 8. Qxf3 e6 9. O-O Nf6 10. a3 Qb6 11. Be3 Bd6 12. Rad1 O-O 13. Bd3 Rac8 14. Ne2 Ne7 15. h4 Ne4 16. b4 f5 17. c4 dxc4 18. Bxe4 fxe4 19. Qxe4 Rf7 20. Nc3 Qc6 21. b5 Qxe4 {½-½ Wang,R (1984)-Chan,L (2147) 58th Begonia Open 2024 (3.6)}) 7... e6 8. Qd3 $146 ({RR} 8. h3 Bh5 9. Bd2 Bb4 10. Re1 Nge7 11. a3 Bxc3 12. Bxc6+ Nxc6 13. Bxc3 Qb6 14. g4 Bg6 15. Qd2 O-O 16. Nh4 Rac8 17. Nxg6 hxg6 18. Re3 e5 19. Rd1 Rfd8 20. Rd3 exd4 21. Bxd4 Nxd4 22. Rxd4 Qxb2 {½-½ Limbu,P (1781)-Hu,Y (1365) Hong Kong Jolimark op 2017 (5)}) ({RR} 8. Qe2 Nf6 9. Bd2 Qc7 10. Bg5 Be7 11. Bxf6 gxf6 12. Qe3 a6 13. Be2 Nb4 14. Rfc1 Bd6 15. g3 O-O-O 16. Na4 Kb8 17. c4 Qa5 18. c5 Qxa4 19. b3 Qd7 20. cxd6 Nc6 21. b4 Bxf3 22. Bxf3 Qxd6 {0-1 Tarraf,T (1723)-Stupak,K (2486) Beirut op 7th 2014 (1)}) ({RR} 8. h3 Bxf3 9. Qxf3 Nf6 10. Bg5 Be7 11. a3 Rc8 12. Rad1 a6 13. Bxc6+ Rxc6 14. Qd3 Qc7 15. f4 h6 16. Bh4 Ne4 17. Bxe7 Nxc3 18. bxc3 Qxe7 19. f5 O-O 20. Qg3 exf5 21. Rxf5 Qxa3 22. Rd3 Qc1+ {0-1 Mulleady,P (1935)-Paul,N (2004) 46th Blackpool Conference 2023 (4.12)}) 8... Bxf3 9. Qxf3 Be7 10. Bf4 Nf6 11. Be5 O-O 12. Bd3 Nxe5 13. dxe5 Nd7 14. Rfe1 g6 15. Qh3 Rfd8 16. f4 Nc5 17. Rf1 Qb6 18. Kh1 Qxb2 19. Ne2 Nxd3 20. Qxd3 Rac8 21. c3 Rd7 22. a4 Qb6 23. h3 Rc4 24. Rf3 Rdc7 25. a5 Qa6 26. Qd2 R7c5 27. Qa2 Bd8 28. Qd2 Rxa5 29. Raf1 Ra2 30. Qd3 Ba5 31. Rg3 Rc6 32. f5 Qxd3 33. Rxd3 Rxe2 34. fxg6 hxg6 35. Rdf3 Rc7 36. Rd3 Rxe5 37. g4 Bxc3 38. Rc1 Re1+ 39. Rxe1 Bxe1 40. Kg2 b5 41. Kf3 b4 42. Kf4 Bc3 43. h4 b3 44. Rd1 a5 45. h5 a4 46. hxg6 fxg6 47. Kg5 Kg7 48. Rb1 Bd2+ 49. Kh4 Bc1 50. g5 b2 0-1

[Event "45th Olympiad Budapest 2024"]
[Site "Budapest"]
[Date "2024.09.19"]
[Round "8"]
[Board "3"]
[White "Wong, Kai Meng"]
[Black "Suk, Raj Monger"]
[Result "1-0"]
[WhiteElo "1795"]
[BlackElo "1821"]
[PlyCount "61"]
[EventDate "2024.09.11"]
[EventType "team-tourn"]
[EventRounds "11"]
[EventCountry "HUN"]
[WhiteTeam "Macau, China"]
[BlackTeam "Bhutan"]
[BlackTeamCountry "BTN"]

1. d4 c5 2. e3 Nf6 3. c4 cxd4 4. exd4 d5 5. Nc3 e6 6. Bg5 Be7 7. Nf3 Nc6 8. Bd3 Qb6 ({RR} 8... O-O 9. a3 dxc4 10. Bxc4 Nd5 11. Be3 Nxc3 12. bxc3 b6 13. Bd3 Bb7 14. h4 h6 15. Rh3 f5 16. Qd2 Bd6 17. Bf4 Qc7 18. Bxd6 Qxd6 19. Kf1 e5 20. dxe5 Nxe5 21. Nxe5 Qxe5 22. Bc4+ Kh8 23. Re1 {½-½ Kosten,A (2535)-Fressinet,L (2450) FRA-chT France 1998 (2)}) 9. cxd5 ({RR} 9. Nb5 a6 10. c5 Qa5+ 11. Bd2 Nb4 12. Nc7+ Qxc7 13. Bxb4 O-O 14. O-O h6 15. Ne5 b6 16. Rc1 Bxc5 17. Bxc5 bxc5 18. Rxc5 Qb7 19. b3 Nd7 20. Nxd7 Bxd7 21. Qc2 Rac8 22. Rxc8 Rxc8 23. Qe2 Rc6 {0-1 Calota,R (1072)-Anghel,T (1305) ROM-ch U10 Calimanesti 2018 (2)}) 9... Nxd5 10. Nxd5 $146 ({RR} 10. Bxe7 Ndxe7 11. O-O a6 12. Rb1 O-O 13. a3 Nf5 14. d5 exd5 15. Nxd5 Qc5 16. Nf4 Qd6 17. Qc1 g6 18. Rd1 Qf6 19. Nd5 Qg7 20. Nb6 Rb8 21. Nxc8 Rbxc8 22. Bxf5 gxf5 23. Qf4 Qg4 24. Qh6 Qg6 {1-0 Maczka,M (1585)-Mazurkiewicz,L (1386) Wroclaw Cup-B 2012 (5)}) 10... Qa5+ 11. Qd2 Qxd5 12. Bxe7 Kxe7 13. O-O h6 14. Rfe1 Rd8 15. Be4 Qd6 16. Bxc6 bxc6 17. Rac1 Bb7 18. Qc2 Kf8 19. Qh7 f6 20. Re4 Qe7 21. Rce1 Rd6 22. Nh4 Qd7 23. Ng6+ Kf7 24. Rf4 Rd5 25. Ne5+ Rxe5 26. dxe5 f5 27. Rxf5+ exf5 28. e6+ Qxe6 29. Rxe6 Kxe6 30. Qg6+ Kd5 31. Qf7+ 1-0

[Event "45th Olympiad Budapest 2024"]
[Site "Budapest"]
[Date "2024.09.19"]
[Round "8"]
[Board "2"]
[White "Nicolas, Carbonell"]
[Black "Mimbasa Kutesa, Willy"]
[Result "0-1"]
[WhiteElo "1798"]
[BlackElo "1848"]
[PlyCount "66"]
[EventDate "2024.09.11"]
[EventType "team-tourn"]
[EventRounds "11"]
[EventCountry "HUN"]
[WhiteTeam "Burkina Faso"]
[BlackTeam "Democratic Republic of the Congo"]
[WhiteTeamCountry "BUR"]

1. d4 d5 2. c4 e6 3. Nc3 Nf6 4. Nf3 c5 5. e3 Nc6 6. Be2 Be7 7. O-O O-O 8. Ne5 ({RR} 8. cxd5 Nxd5 9. Nxd5 {½-½ Velikov,P (2445)-Farago,I (2525) Regensburg op 1996 (5)}) 8... Bd7 $146 ({RR} 8... Qc7 9. cxd5 Nxe5 10. dxe5 Qxe5 11. f4 Qb8 12. e4 Rd8 13. Be3 b6 14. Qb3 exd5 15. e5 d4 16. exf6 Bxf6 17. Ne4 dxe3 18. Nxf6+ gxf6 19. Qxe3 Bb7 20. Qg3+ Kh8 21. Qh4 Rd6 22. Bf3 Bxf3 23. Rxf3 {1-0 Tjomsland,S (2286)-Yndesdal,K (1868) NOR-chB op Asker 2003 (1)}) ({RR} 8... a6 9. a4 Qc7 10. f4 cxd4 11. Nxc6 bxc6 12. exd4 c5 13. Be3 Rd8 14. cxd5 exd5 15. Bd3 Ng4 16. Bd2 cxd4 17. Ne2 Ne3 18. Qc1 Qa7 19. Re1 Nc4 20. Kh1 Nxd2 21. Qxd2 Bf6 22. b4 Bd7 23. f5 {0-1 Stankovic,A (1768)-Mohd Afif,A (1478) World Youth Girls U14 2023 (7.24)}) ({RR} 8... cxd4 9. Nxc6 bxc6 10. exd4 Ba6 11. c5 Bxe2 12. Qxe2 Qc7 13. f4 Nd7 14. Rf3 Bf6 15. Be3 Rfb8 16. Rh3 g6 17. g4 Qb7 18. Rb1 Qb4 19. Qf2 Nxc5 20. dxc5 Bxc3 21. Qh4 Qe4 22. Rf1 Rxb2 23. Qxh7+ {1-0 Garcia Cachinero,J-Garcia Alcaide,V Roncana op 2nd 2008 (5)}) ({RR} 8... a6 9. Nxc6 bxc6 10. dxc5 Bxc5 11. Bf3 Nd7 12. b3 Rb8 13. cxd5 cxd5 14. Bb2 Bb7 15. Ne2 Qe7 16. Nf4 Bd6 17. Rc1 Rfc8 18. Qe2 Ne5 19. Rfd1 Nxf3+ 20. Qxf3 Qg5 21. Nh3 Qg6 22. Nf4 {½-½ Roehl,R (2195)-Woller,R Torgelow op-A 1998 (2)}) 9. Bd2 cxd4 10. Nxd7 Qxd7 11. cxd5 exd5 12. exd4 Nxd4 13. Bd3 a6 14. Bg5 Rad8 15. Bxh7+ Kxh7 16. Qxd4 Rh8 17. Rad1 Qf5 18. Rfe1 Qxg5 19. Rxe7 Ng4 20. Qd3+ f5 21. Rde1 d4 22. Nd1 Rhf8 23. Rxb7 Rfe8 24. Rf1 Re6 25. Rb4 Re4 26. f3 Ne5 27. Qb3 Re2 28. Nf2 d3 29. f4 Nf3+ 30. Kh1 Qh4 31. gxf3 Rxf2 32. Rxf2 Qxf2 33. Qd1 d2 0-1

[Event "45th Olympiad Budapest 2024"]
[Site "Budapest"]
[Date "2024.09.19"]
[Round "8"]
[Board "1"]
[White "Senglek, Khonsavanh"]
[Black "Houssein, Mohamed Bilal"]
[Result "0-1"]
[WhiteElo "1591"]
[BlackElo "1870"]
[PlyCount "50"]
[EventDate "2024.09.11"]
[EventType "team-tourn"]
[EventRounds "11"]
[EventCountry "HUN"]
[WhiteTeam "Laos"]
[BlackTeam "Djibouti"]
[WhiteTeamCountry "LAO"]
[BlackTeamCountry "DJI"]

1. e4 c5 2. a3 d6 3. b4 Nf6 4. Nc3 e6 ({RR} 4... Nc6 5. b5 Nd4 6. Nf3 Bg4 7. Be2 Nxe2 8. Qxe2 e6 9. h3 Bxf3 10. Qxf3 Qc7 11. Bb2 Be7 12. O-O O-O 13. d3 Nd7 14. Ne2 Bf6 15. Bxf6 Nxf6 16. c4 a6 17. Nc3 axb5 18. Nxb5 Qc6 19. a4 {1-0 Riehle,M (2361)-Turzo,A (2278) Titled Tue 13th Feb Early 2024 (1)}) 5. Bb2 ({RR} 5. Nf3 Be7 6. d4 cxb4 7. axb4 d5 8. e5 Ne4 9. Bd2 Nxd2 10. Qxd2 Bxb4 11. Rb1 a5 12. Bd3 Bd7 13. O-O Na6 14. Bxa6 bxa6 15. Qd3 Rc8 16. Ne2 Bb5 17. c4 dxc4 18. Qe4 c3 19. Rfc1 Bxe2 {0-1 Riehle,M (2347)-Kuzubov,Y (2643) Titled Tuesday intern op 25th Aug blitz 2020 (8)}) 5... Be7 6. f4 $146 ({RR} 6. Nf3 O-O 7. d4 cxd4 8. Nxd4 Nc6 9. Nxc6 bxc6 10. Qf3 e5 11. Bc4 Be6 12. Bxe6 fxe6 13. Qh3 Qd7 14. O-O Rab8 15. Rab1 Rf7 16. Qd3 Bf8 17. Ne2 Qc7 18. c4 d5 19. Ng3 d4 20. c5 a5 {½-½ Lutz,K (2277)-Barpiyeva,G (2086) Oberliga Ost-B 1617 2016 (1.6)}) ({RR} 6. g4 h6 7. Bg2 Nc6 8. bxc5 dxc5 9. h3 Nd7 10. Nf3 Bf6 11. Na4 Bxb2 12. Nxb2 Nde5 13. Na4 b6 14. Nc3 Ba6 15. d3 Rc8 16. Nxe5 Nxe5 17. a4 Rc7 18. O-O h5 19. gxh5 Qh4 20. f4 Nc6 {1-0 Chapman,N (1824)-Bennett,D (1986) Sunningdale e2e4 U2050 op 05 2014 (2)}) 6... O-O 7. d4 cxd4 8. Qxd4 Nc6 9. Qd1 e5 10. f5 d5 11. exd5 Nd4 12. Bd3 Nxd5 13. Qg4 Ne3 14. Qe4 Bg5 15. Nge2 Bxf5 16. Qxe5 Bxd3 17. Nxd4 Re8 18. Qxe8+ Qxe8 19. cxd3 Nc2+ 20. Kd1 Nxd4 21. Re1 Qd7 22. Rb1 Qg4+ 23. Ne2 Nxe2 24. Kc2 Rc8+ 25. Kb3 Qe6+ 0-1

[Event "45th Olympiad Budapest 2024"]
[Site "Budapest"]
[Date "2024.09.19"]
[Round "8"]
[Board "1"]
[White "Kim, Sanker"]
[Black "Koumba, Mounguen Jose Evrard"]
[Result "1/2-1/2"]
[WhiteElo "1560"]
[BlackElo "1957"]
[PlyCount "105"]
[EventDate "2024.09.11"]
[EventType "team-tourn"]
[EventRounds "11"]
[EventCountry "HUN"]
[WhiteTeam "Cambodia"]
[BlackTeam "Gabon"]
[WhiteTeamCountry "CMB"]
[BlackTeamCountry "GAB"]

1. d4 Nf6 2. c4 g6 3. Nc3 Bg7 4. e4 d6 5. f4 O-O 6. Nf3 Nc6 7. d5 Nb8 8. Bd3 c5 ({RR} 8... e6 9. O-O exd5 10. cxd5 Bg4 11. e5 dxe5 12. fxe5 Nxd5 13. Bc4 Nxc3 14. Qxd8 Rxd8 15. bxc3 Be6 16. Bxe6 fxe6 17. Ng5 Re8 18. Ne4 Bxe5 19. Bf4 Bxf4 20. Nf6+ Kf7 21. Nxe8 Kxe8 22. Rxf4 Nd7 23. Raf1 {1-0 Andreikin,D (2725)-Praggnanandhaa,R (2608) Titled Arena Mar 6th blitz 2021}) ({RR} 8... e6 9. O-O exd5 10. cxd5 Nbd7 11. Be3 Re8 12. Bd4 c5 13. Bf2 Ng4 14. Bh4 Qb6 15. Na4 Qc7 16. Qd2 c4 17. Rac1 b5 18. h3 Nh6 19. e5 bxa4 20. Rxc4 Qb7 21. Rc6 Nc5 22. g4 Bd7 23. Rxc5 {0-1 Hua,L (2305)-Rakhmatullaev,A (2425) Titled Tue 16th Apr Early 2024 (2)}) 9. O-O Nbd7 $146 ({RR} 9... a6 10. a4 Ne8 11. e5 Bg4 12. Qe2 Nd7 13. e6 Ndf6 14. h3 Bxf3 15. Rxf3 fxe6 16. Qxe6+ Kh8 17. f5 Nc7 18. Qe2 gxf5 19. Bxf5 Qe8 20. Bd2 b5 21. axb5 axb5 22. Rxa8 Qxa8 23. Qxe7 Qa1+ 24. Kh2 {0-1 Toniutti,E (2224)-Novikova,G (2073) Titled Tue 25th Apr Late 2023 (10)}) 10. e5 dxe5 11. fxe5 Ng4 12. d6 Ndxe5 13. Nxe5 Bxe5 14. h3 Bd4+ 15. Kh1 exd6 16. Qf3 Qh4 17. Ne4 Ne5 18. Qe2 Bxh3 19. Bg5 Bxg2+ 20. Kxg2 Qg4+ 21. Qxg4 Nxg4 22. Be2 f5 23. Nxd6 Nf6 24. Rab1 Ne4 25. Nxe4 fxe4 26. b4 Rxf1 27. Kxf1 Rf8+ 28. Ke1 cxb4 29. Kd2 a5 30. Be3 Bc3+ 31. Kc2 h5 32. a3 Rf5 33. axb4 axb4 34. Rd1 Ra5 35. Rd8+ Kf7 36. c5 Ra2+ 37. Kd1 b3 38. Bc4+ Kf6 39. Rd6+ Kf5 40. Be6+ Ke5 41. Bxb3 Rb2 42. Rd5+ Ke6 43. Rd6+ Kf5 44. Bf7 Kg4 45. Rxg6+ Kf3 46. Bc1 Rh2 47. Rg5 e3 48. Bxe3 Kxe3 49. Rxh5 Rb2 50. Rh3+ Kd4 51. Rh4+ Ke5 52. Rc4 Bd4 53. c6 1/2-1/2

[Event "45th Olympiad Budapest 2024"]
[Site "Budapest"]
[Date "2024.09.19"]
[Round "8"]
[Board "2"]
[White "Bongo Akanga Ndjila, Barthelemy"]
[Black "El, Rozak"]
[Result "1/2-1/2"]
[WhiteElo "1894"]
[BlackElo "1514"]
[PlyCount "200"]
[EventDate "2024.09.11"]
[EventType "team-tourn"]
[EventRounds "11"]
[EventCountry "HUN"]
[WhiteTeam "Gabon"]
[BlackTeam "Cambodia"]
[WhiteTeamCountry "GAB"]
[BlackTeamCountry "CMB"]

1. d4 g6 2. c4 Bg7 3. Nc3 Nf6 4. e4 d6 5. Be2 O-O 6. Nf3 c6 7. O-O a6 8. a4 Nbd7 ({RR} 8... Re8 9. h3 b6 10. d5 Bb7 11. Qb3 cxd5 12. exd5 Nfd7 13. a5 Qc7 14. Be3 bxa5 15. Qa4 Nc5 16. Qxe8+ Bf8 17. Ng5 e6 18. Bxc5 dxc5 19. dxe6 fxe6 20. Qxf8+ {1-0 Reimanis,R (2397)-Zychowski,M (1838) EU-ch Blitz Katowice 2021 (21)}) 9. Bg5 ({RR} 9. h3 e5 10. Be3 exd4 11. Bxd4 Re8 12. Qc2 Qe7 13. Rfe1 Ne5 14. a5 Nh5 15. Be3 Be6 16. Nxe5 dxe5 17. Bxh5 gxh5 18. Na4 Rad8 19. Bb6 Qg5 20. Bxd8 Rxd8 21. Re3 Rd4 22. b3 Qd8 23. Nc5 Bc8 {0-1 Besztercsenyi,T (2275)-Barczay,L (2400) HUN-chT Hungary 1995}) 9... h6 $146 ({RR} 9... c5 10. d5 h6 11. Bd2 Ng4 12. Ne1 Ngf6 13. Qc1 Kh7 14. f4 e6 15. f5 exf5 16. exf5 Qe7 17. Rf3 Ne5 18. fxg6+ fxg6 19. Rf1 Bg4 20. Bxg4 Nfxg4 21. h3 Rxf1+ 22. Kxf1 Rf8+ 23. Kg1 Qf6 24. hxg4 {0-1 Solstad,T-Viken,O Klubbmesterskap 2000 (1)}) ({RR} 9... Qc7 10. Qd2 e5 11. Bxf6 Nxf6 12. d5 c5 13. Ne1 Bd7 14. Nd3 Rab8 15. b4 cxb4 16. Nxb4 Qc5 17. Nc2 Rfc8 18. Qe3 Qa5 19. Qd3 h5 20. Ne3 Bh6 21. h3 Qd8 22. Kh2 Nh7 23. g4 Bf4+ 24. Kg2 {½-½ Radonjic,M (1640)-Vujosevic,M (2005) Podgorica Buducnost op 4th 2009 (1)}) 10. Bd2 e5 11. d5 a5 12. Qc2 Nc5 13. Rfe1 Bg4 14. h3 Bd7 15. Bf1 Rc8 16. g4 g5 17. Be3 Na6 18. Qd2 Nh7 19. dxc6 Rxc6 20. Nd5 Be6 21. Rec1 Nc5 22. Bxc5 Rxc5 23. b4 axb4 24. Qxb4 Bc8 25. Nd2 Nf6 26. f3 Qa5 27. Qxa5 Rxa5 28. Nb3 Ra7 29. Ne7+ Kh8 30. Rd1 Rd8 31. Nxc8 Rxc8 32. Rxd6 Ne8 33. Rd7 Kg8 34. a5 Bf8 35. a6 Rxa6 36. Rxb7 Rxa1 37. Nxa1 Bc5+ 38. Kh1 Rd8 39. Nb3 Be3 40. c5 Rc8 41. Bc4 Nc7 42. c6 Kf8 43. Kg2 Ke7 44. Kf1 f6 45. Ke2 Bg1 46. Na5 Kd6 47. Rb1 Bd4 48. Kd3 Ra8 49. Nb3 Ra3 50. Ke2 Ra2+ 51. Nd2 Ra8 52. Rh1 Kxc6 53. h4 Bc3 54. hxg5 hxg5 55. Rh6 Kc5 56. Bf7 Ra6 57. Nc4 Kd4 58. Ne3 Rb6 59. Nf5+ Kc5 60. Kd3 Bb2 61. Rh8 Na6 62. Rc8+ Rc6 63. Rxc6+ Kxc6 64. Ne7+ Kc5 65. Ng8 Bc1 66. Nxf6 Nb4+ 67. Kc3 Nc6 68. Bb3 Nd4 69. Bd1 Bf4 70. Nd5 Bc1 71. Kd3 Nc6 72. Kc2 Bf4 73. Kc3 Bc1 74. Nf6 Bf4 75. Nd7+ Kd6 76. Nb6 Kc5 77. Na4+ Kb5 78. Nb2 Kc5 79. Nd3+ Kd6 80. Kc4 Be3 81. Ne1 Bf4 82. Nc2 Bd2 83. Be2 Bf4 84. Ne1 Bd2 85. Nd3 Be3 86. Nb2 Nd4 87. Bd1 Bf4 88. Na4 Nc6 89. Nc3 Na5+ 90. Kb5 Nc6 91. Nd5 Nd4+ 92. Kb6 Bd2 93. Nf6 Bf4 94. Ne8+ Ke7 95. Ng7 Kf6 96. Nf5 Ne6 97. Kc6 Nf8 98. Kd6 Ng6 99. Kd7 Nf8+ 100. Ke8 Ne6 1/2-1/2

[Event "45th Olympiad Budapest 2024"]
[Site "Budapest"]
[Date "2024.09.19"]
[Round "8"]
[Board "1"]
[White "Potter, Simon"]
[Black "Koniahli, Malek"]
[Result "0-1"]
[WhiteElo "1663"]
[BlackElo "2282"]
[PlyCount "60"]
[EventDate "2024.09.11"]
[EventType "team-tourn"]
[EventRounds "11"]
[EventCountry "HUN"]
[WhiteTeam "British Virgin Islands"]
[BlackTeam "Syria"]
[WhiteTeamCountry "IVB"]
[BlackTeamCountry "SYR"]

1. e4 c5 2. Nc3 e6 3. Bc4 a6 4. a3 Nc6 5. Nf3 Nf6 6. d3 d6 7. h3 Be7 8. O-O O-O 9. Bf4 b5 10. Ba2 Bb7 11. Qd2 $146 ({RR} 11. Re1 Nd4 12. Nb1 Rc8 13. c3 Nxf3+ 14. Qxf3 d5 15. Nd2 Qb6 16. b4 cxb4 17. cxb4 Rc3 18. Nb1 dxe4 19. Qe2 Rxd3 20. Nd2 Rxa3 21. Reb1 Rd3 22. Nf1 Rc8 23. Rc1 Rdc3 24. Rd1 Bxb4 25. Be5 Rd3 {0-1 Almeida,F-Bartolo,F (1707) Lisbon Simoes Memorial 3rd 2019 (1)}) 11... Rc8 12. Rfe1 Nd7 13. Rab1 Nde5 14. Nxe5 dxe5 15. Bh2 Bg5 16. Qe2 Nd4 17. Qd1 Qd6 18. Ne2 Rfd8 19. c3 Nc6 20. Bb3 c4 21. dxc4 Qe7 22. Nd4 exd4 23. Qf3 Na5 24. Bc2 Nxc4 25. Qg4 dxc3 26. bxc3 Nxa3 27. Rb2 Rd2 28. Re2 b4 29. cxb4 Rcxc2 30. Rxc2 Rd1+ 0-1

[Event "45th Olympiad Budapest 2024"]
[Site "Budapest"]
[Date "2024.09.19"]
[Round "8"]
[Board "2"]
[White "Halwani, Talal"]
[Black "Samuel, Jhon"]
[Result "1-0"]
[WhiteElo "2264"]
[BlackElo "1545"]
[PlyCount "91"]
[EventDate "2024.09.11"]
[EventType "team-tourn"]
[EventRounds "11"]
[EventCountry "HUN"]
[WhiteTeam "Syria"]
[BlackTeam "British Virgin Islands"]
[WhiteTeamCountry "SYR"]
[BlackTeamCountry "IVB"]

1. Nf3 d5 2. c4 c6 3. g3 Bf5 4. Qb3 Qb6 5. cxd5 Qxb3 6. axb3 cxd5 7. Nc3 e6 $146 ({RR} 7... Nf6 8. Nb5 Na6 9. Rxa6 bxa6 10. Nc7+ Kd7 11. Nxa8 Kc8 12. Ne5 Be6 13. e3 Kb7 14. Bxa6+ Kxa6 15. Nc7+ Kb7 16. Nxe6 fxe6 17. d3 g6 18. Nf7 Rg8 19. Nd8+ Kc7 20. Nxe6+ Kd6 21. Nxf8 Rxf8 22. Bd2 {1-0 Leitao,R (2592)-Ortega,M (2478) Titled Tue 20th Jun Late 2023 (3)}) 8. Nb5 Na6 9. Rxa6 bxa6 10. Nc7+ Kd8 11. Nxa8 Bd6 12. Bg2 Kc8 13. d3 Kb8 14. e4 Bg4 15. Ng5 Bh5 16. exd5 h6 17. Nh3 e5 18. d4 exd4 19. Bf4 Bxf4 20. Nxf4 Nf6 21. Nxh5 Re8+ 22. Kd2 Nxh5 23. d6 Nf6 24. Nc7 Rd8 25. Nxa6+ Kc8 26. Rc1+ Kd7 27. Rc7+ Kxd6 28. Rxf7 Rd7 29. Rxd7+ Nxd7 30. f4 Nf8 31. Kd3 Ne6 32. b4 g5 33. f5 Ng7 34. f6 Nf5 35. Be4 Ne3 36. Nc5 Ng4 37. f7 Ne5+ 38. Kxd4 Nxf7 39. Bd5 Nh8 40. Ne4+ Kc7 41. Ke5 Ng6+ 42. Kf6 Nf8 43. Be6 Kd8 44. Kf7 Nd7 45. Bxd7 Kxd7 46. Kg6 1-0

[Event "45th Olympiad Budapest 2024"]
[Site "Budapest"]
[Date "2024.09.19"]
[Round "8"]
[Board "1"]
[White "Kudakwashe, Chinake"]
[Black "Yacouba, Souley Moussa"]
[Result "1-0"]
[WhiteElo "1859"]
[BlackElo "1645"]
[PlyCount "93"]
[EventDate "2024.09.11"]
[EventType "team-tourn"]
[EventRounds "11"]
[EventCountry "HUN"]
[WhiteTeam "Cayman Islands"]
[BlackTeam "Niger"]
[WhiteTeamCountry "CAY"]
[BlackTeamCountry "NIG"]

1. d4 Nf6 2. Nc3 c5 3. d5 d6 4. e4 e5 5. f4 Nbd7 ({RR} 5... exf4 6. Bxf4 g6 7. Nf3 a6 8. Qd2 Bg7 9. Bh6 O-O 10. Bxg7 Kxg7 11. O-O-O Bg4 12. h4 h5 13. Be2 Nbd7 14. Qf4 Qe7 15. Kb1 b5 16. Rhe1 b4 17. Na4 Rae8 18. Nd2 Bxe2 19. Rxe2 Ne5 20. Nb6 {1-0 Bortnyk,O (2598)-Mitrabha,G (2467) Titled Arena Apr 3rd blitz 2021}) ({RR} 5... Bg4 6. Be2 Bxe2 7. Ngxe2 Nbd7 8. f5 a6 9. a4 b6 10. O-O Be7 11. h3 Qc7 12. Be3 Qb7 13. g4 h6 14. Ng3 Bd8 15. Qe2 Bc7 16. h4 O-O-O 17. Rfb1 h5 18. g5 Ng4 19. Nf1 g6 20. f6 {1-0 Arslanov,S (2410)-Kashefi,A (2188) Titled Tue 23rd Jul Late 2024 (6)}) 6. Nf3 h6 $146 ({RR} 6... a6 7. fxe5 Nxe5 8. Nxe5 dxe5 9. a4 Be7 10. Be2 O-O 11. O-O b6 12. Be3 Rb8 13. h3 Qc7 14. b3 Ne8 15. g4 Nd6 16. Bf3 b5 17. axb5 axb5 18. Qe1 Bd7 19. Qf2 b4 20. Ne2 Bb5 21. Rfc1 {0-1 Sarkilahti,S-Lehtioksa,J FIN-chT Finland 1991}) ({RR} 6... a6 7. a4 Be7 8. fxe5 Nxe5 9. Nxe5 dxe5 10. Be2 O-O 11. O-O b6 12. Be3 Qc7 13. Kh1 Ne8 14. Qe1 Nd6 15. Qg3 f6 16. Bg4 Bxg4 17. Qxg4 Kh8 18. b3 b5 19. axb5 axb5 20. Qe2 c4 21. b4 {1-0 Schreck,R (2167)-Horn,S (2020) Ruhrgebiet VK1 0405 2004 (4.1)}) ({RR} 6... a6 7. fxe5 Nxe5 8. Nxe5 dxe5 9. Be2 b5 10. Bf3 Qd6 11. O-O Be7 12. a4 b4 13. Nb1 c4 14. Be3 Bb7 15. Nd2 Rc8 16. b3 cxb3 17. cxb3 Qb8 18. Rc1 O-O 19. Nc4 Bc5 20. Qd2 Bd6 21. Qf2 {1-0 Clarke,T (2170)-Kennedy,J (2089) Bunratty Masters op 1999 (3)}) 7. fxe5 Nxe5 8. Nxe5 dxe5 9. Be2 a6 10. a4 Bd6 11. O-O O-O 12. Qd3 Bg4 13. Bxg4 Nxg4 14. Qg3 h5 15. h3 Qd7 16. hxg4 hxg4 17. Rf5 f6 18. Qxg4 Rf7 19. Qg6 Kf8 20. Be3 Qc7 21. Rh5 Ke7 22. Rh7 Rg8 23. Rf1 Kd8 24. a5 Rff8 25. b4 Kc8 26. Na4 cxb4 27. Qf5+ Kb8 28. Nb6 Rf7 29. Qf2 Qc3 30. Rh3 Rc7 31. Nd7+ Kc8 32. Nb6+ Kb8 33. Rc1 Qa3 34. Nc4 Qxc1+ 35. Bxc1 Rxc4 36. Be3 Rgc8 37. Qf5 Rxc2 38. Qd7 Bc5 39. Bxc5 R2xc5 40. Rb3 Rc1+ 41. Kh2 Rh8+ 42. Rh3 Rxh3+ 43. Kxh3 b3 44. Qd8+ Rc8 45. Qb6 Rc3+ 46. Kg4 Re3 47. Qxe3 1-0